Gun Violence in the U.S.: Correlates and Causes
| Autores principales: | ; |
|---|---|
| Tipo de documento: | Electrónico Artículo |
| Lenguaje: | Inglés |
| Publicado: |
University of Tübingen
2017
|
| En: | Enthalten in: University of Tübingen Working Papers in Economics and Finance |
| Acceso en línea: |
Volltext (lizenzpflichtig) Volltext (lizenzpflichtig) Volltext (lizenzpflichtig) |
| Verificar disponibilidad: | HBZ Gateway |
MARC
| LEADER | 00000caa a22000002c 4500 | ||
|---|---|---|---|
| 001 | 1912570203 | ||
| 003 | DE-627 | ||
| 005 | 20250326002255.0 | ||
| 007 | cr uuu---uuuuu | ||
| 008 | 241217s2017 xx |||||o 00| ||eng c | ||
| 024 | 7 | |a 10.15496/publikation-15471 |2 doi | |
| 035 | |a (DE-627)1912570203 | ||
| 035 | |a (DE-599)KXP1912570203 | ||
| 040 | |a DE-627 |b ger |c DE-627 |e rda | ||
| 041 | |a eng | ||
| 084 | |a 2,1 |2 ssgn | ||
| 100 | 1 | |a Kukharskyy, Bohdan |e VerfasserIn |0 (DE-588)107359226X |0 (DE-627)829189114 |0 (DE-576)435182153 |4 aut | |
| 109 | |a Kukharskyy, Bohdan | ||
| 245 | 1 | 0 | |a Gun Violence in the U.S.: Correlates and Causes |
| 264 | 1 | |b University of Tübingen |c 2017 | |
| 336 | |a Text |b txt |2 rdacontent | ||
| 337 | |a Computermedien |b c |2 rdamedia | ||
| 338 | |a Online-Ressource |b cr |2 rdacarrier | ||
| 700 | 1 | |8 1\p |a Seiffert, Sebastian |e VerfasserIn |0 (DE-588)1045799327 |0 (DE-627)775132780 |0 (DE-576)399252665 |4 aut | |
| 773 | 0 | 8 | |i Enthalten in |t University of Tübingen Working Papers in Economics and Finance |
| 787 | 0 | 8 | |i Forschungsdaten |a United States. Bureau of Justice Statistics |t Law Enforcement Agency Identifiers Crosswalk, United States, 2012 |d [Erscheinungsort nicht ermittelbar] : [Verlag nicht ermittelbar], 2015 |w (DE-627)1840041242 |
| 856 | 4 | 0 | |u https://doi.org/10.15496/publikation-15471 |x Resolving-System |z lizenzpflichtig |3 Volltext |7 1 |
| 856 | 4 | 0 | |u http://hdl.handle.net/10419/152251 |x Resolving-System |z lizenzpflichtig |3 Volltext |7 1 |
| 856 | 4 | 0 | |u https://bibliographie.uni-tuebingen.de/xmlui/bitstream/handle/10900/74065/WPEF94.pdf?sequence=1&isAllowed=y |q application/pdf |x Verlag |z lizenzpflichtig |3 Volltext |7 1 |
| 883 | |8 1\p |a cgwrk |d 20250301 |q DE-101 |u https://d-nb.info/provenance/plan#cgwrk | ||
| 935 | |a mkri | ||
| 951 | |a AR | ||
| ELC | |a 1 | ||
| LOK | |0 000 xxxxxcx a22 zn 4500 | ||
| LOK | |0 001 4637535700 | ||
| LOK | |0 003 DE-627 | ||
| LOK | |0 004 1912570203 | ||
| LOK | |0 005 20241217044525 | ||
| LOK | |0 008 241217||||||||||||||||ger||||||| | ||
| LOK | |0 035 |a (DE-2619)ICPSR124985 | ||
| LOK | |0 040 |a DE-2619 |c DE-627 |d DE-2619 | ||
| LOK | |0 092 |o n | ||
| LOK | |0 852 |a DE-2619 | ||
| LOK | |0 852 1 |9 00 | ||
| LOK | |0 935 |a uvkn |a nacp | ||
| LOK | |0 939 |a 17-12-24 |b l01 | ||
| ORI | |a SA-MARC-krimdoka001.raw | ||
